| 000 | 00567nam a2200181 i 4500 | ||
|---|---|---|---|
| 001 | 151094 | ||
| 003 | ES-MaACL | ||
| 005 | 20230906203831.0 | ||
| 007 | t| | ||
| 008 | 071205s1927 sp ||||1| spa d | ||
| 100 | 1 |
_aArnoux, Alexandre. _923122 |
|
| 245 | 1 | 3 |
_aLa leyenda del Cid Campeador / _cAlexandre Arnoux ; [traducida del francés por J. Albiñana-Mompo]. |
| 260 |
_aMadrid : _bM. Aguilar, _c[1927?] |
||
| 300 |
_a165 p. ; _c20 cm. |
||
| 700 | 1 |
_aAlbiñana Mompó, José _919386 |
|
| 852 |
_aES-MaACL _jD-6160 _bR.30179 |
||
| 999 |
_c151094 _d151094 |
||